书目信息 |
| 题名: |
非线性动力学现象与分数阶动力学效应及其应用
|
|
| 作者: | 罗懋康 著 | |
| 分册: | ||
| 出版信息: | 北京 科学出版社 2021.2 |
|
| 页数: | 393页 | |
| 开本: | 24cm | |
| 丛书名: | ||
| 单 册: | ||
| 中图分类: | O322 , O19 | |
| 科图分类: | ||
| 主题词: | 非线性力学--动力学 , 动力系统(数学) | |
| 电子资源: | ||
| ISBN: | 978-7-03-067964-2 | |
| 000 | 01394nam0 2200289 45 | |
| 001 | 012001002900 | |
| 005 | 20141010111936.0 | |
| 010 | @a978-7-03-067964-2@dCNY168.00 | |
| 100 | @a20210508d2021 em y0chiy50 ea | |
| 101 | 0 | @achi |
| 102 | @aCN@b110000 | |
| 105 | @ay z 001yy | |
| 106 | @ar | |
| 200 | 1 | @a非线性动力学现象与分数阶动力学效应及其应用@Afei xian xing dong li xue xian xiang yu fen shu jie dong li xue xiao ying ji qi ying yong@b专著@f罗懋康[等]著 |
| 210 | @a北京@c科学出版社@d2021.2 | |
| 215 | @a393页@d24cm | |
| 300 | @a并列题名:Nonlineat dynamical phenomena and fractional dynamical effects and their applications | |
| 304 | @a著者还有:张路、赖莉、蔚涛、邓科 | |
| 330 | @a本书内容包括:非线性动力学与分数阶动力学基础知识;整数阶与分数阶的随机共振与振动共振行为;单一Brown马达与耦合Brown马达的定向输运;一类分数阶非线性Langevin方程的初值问题解的存在、唯一性条件;分数阶混沌系统的控制;分数阶Rayleigh-Duffing类系统的同步;一类含噪混沌信号的降噪新方法;基于推广Duffing振子的弱信号测频方法;基于分类阶双稳系统随机共振的弱信号检测方法。 | |
| 510 | 1 | @aNonlineat dynamical phenomena and fractional dynamical effects and their applications@zeng |
| 606 | 0 | @a非线性力学@x动力学 |
| 606 | 0 | @a动力系统(数学) |
| 690 | @aO322@v5 | |
| 690 | @aO19@v5 | |
| 701 | 0 | @a罗懋康@Aluo mao kang@f(1956-)@4著 |
| 801 | 2 | @aCN@bBJSDL@c20211018 |
| 905 | @b1350755-7@dO322@e24@f3 | |
| 非线性动力学现象与分数阶动力学效应及其应用/罗懋康[等]著.-北京:科学出版社,2021.2 |
| 393页;24cm |
| 并列题名:Nonlineat dynamical phenomena and fractional dynamical effects and their applications |
| ISBN 978-7-03-067964-2:CNY168.00 |
| 本书内容包括:非线性动力学与分数阶动力学基础知识;整数阶与分数阶的随机共振与振动共振行为;单一Brown马达与耦合Brown马达的定向输运;一类分数阶非线性Langevin方程的初值问题解的存在、唯一性条件;分数阶混沌系统的控制;分数阶Rayleigh-Duffing类系统的同步;一类含噪混沌信号的降噪新方法;基于推广Duffing振子的弱信号测频方法;基于分类阶双稳系统随机共振的弱信号检测方法。 |
| ● |
| 相关链接 |
|
|
|
|
正题名:非线性动力学现象与分数阶动力学效应及其应用
索取号:O322/24
 
预约/预借
| 序号 | 登录号 | 条形码 | 馆藏地/架位号 | 状态 | 备注 |
| 1 | 1350755 | 213507551 | 第二样本阅览室/ [索取号:O322/24] | 在馆 | |
| 2 | 1350756 | 213507560 | 第三借阅区/ [索取号:O322/24] | 在馆 | |
| 3 | 1350757 | 213507579 | 第三借阅区/ [索取号:O322/24] | 在馆 |